Länder des Sahels auf einer Karte - Statistiken

Allgemein
  • Dieses Quiz wurde 172 mal gespielt
  • Das Durchschnittsergebnis liegt bei 11 aus 13
Antworten auf der Karte
Die Antworten werden auf der Karte rot bzw. grün angezeigt, abhängig davon wie oft sie richtig erraten wurden.
 
Antwortstatistiken
Land % Korrekt
Niger
97%
Mali
95%
Tschad
95%
Mauretanien
94%
Senegal
93%
Sudan
89%
Nigeria
85%
Süd Sudan
77%
Algerien
75%
Eritrea
75%
Burkina Faso
74%
Gambia
71%
Kamerun
65%
Keine übereinstimmenden Quizze gefunden
Verteilung der Resultate
Anzahl Personen mit jedem Resultat
Perzentil nach korrekt beantworteten Fragen
Ihre Resultats-Entwicklung
Sie haben dieses Quiz noch nicht gespielt